000 01355nam a2200349Ia 4500
001 ebr10579193
003 CaPaEBR
006 m u
007 cr cn|||||||||
008 050525s2006 nyu sb s001 0 eng d
010 _z 2005015255
020 _z0791467554 (hardcover : alk. paper)
020 _z9780791467558
020 _z9780791481769
040 _aCaPaEBR
_cCaPaEBR
035 _a(OCoLC)71521158
050 1 4 _aB2949.L25
_bH44 2006eb
082 0 4 _a121/.68/092
_222
245 0 0 _aHegel and language
_h[electronic resource] /
_cedited by Jere O'Neill Surber.
260 _aAlbany :
_bState University of New York Press,
_cc2006.
300 _avii, 259 p.
490 1 _aSUNY series in Hegelian studies
504 _aIncludes bibliographical references and index.
533 _aElectronic reproduction.
_bPalo Alto, Calif. :
_cebrary,
_d2013.
_nAvailable via World Wide Web.
_nAccess may be limited to ebrary affiliated libraries.
600 1 0 _aHegel, Georg Wilhelm Friedrich,
_d1770-1831.
650 0 _aLanguage and languages
_xPhilosophy.
655 7 _aElectronic books.
_2local
700 1 _aSurber, Jere Paul.
710 2 _aebrary, Inc.
830 0 _aSUNY series in Hegelian studies.
856 4 0 _uhttp://site.ebrary.com/lib/rucke/Doc?id=10579193
_zAn electronic book accessible through the World Wide Web; click to view
999 _c85735
_d85735